ARRUPE JESUIT UNIVERSITY

CORONAVIRUS -STOP THE SPREAD - CLEAN,DISINFECT,COVER

Charisma and community : (Record no. 118462)

MARC details
000 -LEADER
fixed length control field 01107cam a2200313 a 4500
001 - CONTROL NUMBER
control field 2878669
003 - CONTROL NUMBER IDENTIFIER
control field ARRUPE
005 - DATE AND TIME OF LATEST TRANSACTION
control field 20131024172059.0
008 - FIXED-LENGTH DATA ELEMENTS--GENERAL INFORMATION
fixed length control field 860626s1987 nju b 001 0 eng
010 ## - LIBRARY OF CONGRESS CONTROL NUMBER
LC control number 86016097
020 ## - INTERNATIONAL STANDARD BOOK NUMBER
International Standard Book Number 0887381308
040 ## - CATALOGING SOURCE
Original cataloging agency DLC
Transcribing agency DLC
Modifying agency DLC
043 ## - GEOGRAPHIC AREA CODE
Geographic area code n-us---
050 00 - LIBRARY OF CONGRESS CALL NUMBER
Classification number BX2350.57
Item number .N45 1987
300 ## - PHYSICAL DESCRIPTION
Dimensions 24 cm.
100 1# - MAIN ENTRY--PERSONAL NAME
Personal name Neitz, Mary Jo,
Dates associated with a name 1951-
9 (RLIN) 3004
245 10 - TITLE STATEMENT
Title Charisma and community :
Remainder of title a study of religious commitment within the charismatic renewal /
Statement of responsibility, etc Mary Jo Neitz.
260 ## - PUBLICATION, DISTRIBUTION, ETC. (IMPRINT)
Place of publication, distribution, etc New Brunswick, U.S.A. :
Name of publisher, distributor, etc Transaction Books,
Date of publication, distribution, etc c1987.
300 ## - PHYSICAL DESCRIPTION
Extent xxi, 294 p. ;
490 1# - SERIES STATEMENT
Series statement New observations
500 ## - GENERAL NOTE
General note Includes index.
504 ## - BIBLIOGRAPHY, ETC. NOTE
Bibliography, etc Bibliography: p. 275-286.
610 20 - SUBJECT ADDED ENTRY--CORPORATE NAME
Corporate name or jurisdiction name as entry element Catholic Church
Geographic subdivision United States
General subdivision History
Chronological subdivision 20th century.
9 (RLIN) 3005
650 #0 - SUBJECT ADDED ENTRY--TOPICAL TERM
Topical term or geographic name as entry element Pentecostalism
General subdivision Catholic Church.
9 (RLIN) 3006
650 #0 - SUBJECT ADDED ENTRY--TOPICAL TERM
Topical term or geographic name as entry element Pentecostalism
Geographic subdivision United States.
9 (RLIN) 3007
651 #0 - SUBJECT ADDED ENTRY--GEOGRAPHIC NAME
Geographic name United States
General subdivision Church history
Chronological subdivision 20th century.
9 (RLIN) 3008
830 #0 - SERIES ADDED ENTRY--UNIFORM TITLE
Uniform title New observations (New Brunswick, N.J.)
9 (RLIN) 3009
906 ## - LOCAL DATA ELEMENT F, LDF (RLIN)
a 7
b cbc
c orignew
d 1
e ocip
f 19
g y-gencatlg
942 ## - ADDED ENTRY ELEMENTS (KOHA)
Source of classification or shelving scheme Library of Congress Classification
Koha item type Monograph ( Printed materials)
Holdings
Withdrawn status Lost status Source of classification or shelving scheme Damaged status Not for loan Home library Current library Shelving location Date acquired Total Checkouts Full call number Barcode Date last seen Price effective from Koha item type
    Library of Congress Classification     ARRUPE LIBRARY ARRUPE LIBRARY Main Collection 24/10/2013   BX2350.57 .N45 1987 46410513 22/11/2017 24/10/2013 Monograph ( Printed materials)

 

Arrupe Library. PO Box MP320 Mt Pleasant, Harare, Zimbabwe
263 242 745411|librarian@aju.ac.zw